| 000 | 00980 a2200145 4500 | ||
|---|---|---|---|
| 020 | _a0201634678 | ||
| 040 |
_aDLC _bDLC |
||
| 100 | 1 | _aLyons, Richard G., | |
| 245 | 1 | 0 |
_aUnderstanding digital signal processing _cRichard G. Lyons. |
| 260 |
_aReading, Mass. : _bAddison Wesley Pub. Co., _cc1997. |
||
| 300 |
_axvii, 517 p. : _bill. ; _c24 cm. |
||
| 520 | _aThis is undoubtedly the most accessible book on digital signal processing (DSP) available to the beginner. Using intuitive explanations and well-chosen examples, this book gives you the tools to develop a fundamental understanding of DSP theory. The author covers the essential mathematics by explaining the meaning and significance of the key DSP equations. Comprehensive in scope, and gentle in approach, the book will help you achieve a thorough grasp of the basics and move gradually to more sophisticated DSP concepts and applications. | ||
| 650 | 0 |
_aSignal processing _xDigital techniques. |
|
| 942 |
_cBK _k621.3822 LYO _2ddc |
||
| 999 |
_c8334 _d8334 |
||